[Event "Speed Chess (Women) GP3"]
[Site "Chess.com INT"]
[Date "2020.07.08"]
[Round "1.5"]
[White "Kosteniuk, Alexandra"]
[Black "Girya, Olga"]
[Result "1-0"]
[WhiteElo "2471"]
[BlackElo "2469"]
[PlyCount "73"]
[EventDate "2020.07.08"]
[EventType "k.o. (blitz)"]
[EventRounds "4"]
[EventCountry "USA"]
[SourceTitle "CBM 197 Extra"]
[Source "ChessBase"]
[SourceDate "2020.09.30"]
[SourceVersion "1"]
[SourceVersionDate "2020.09.30"]
[SourceQuality "1"]

1. e4 c6 2. c4 d5 3. cxd5 cxd5 4. exd5 Nf6 5. Nc3 Nxd5 6. Nf3 Nc6 7. Bb5 e6 8.
O-O Bd6 9. d4 O-O 10. Bd3 Bd7 11. Ne4 Bc7 12. Nc5 Rb8 13. Bg5 Nce7 14. Ne5 Bc6
15. Nxc6 bxc6 16. Qh5 g6 17. Qh4 Rxb2 18. Ne4 f5 19. Nf6+ Nxf6 20. Bxf6 Rf7 21.
Bc4 Qd6 22. Be5 Qd7 23. Bxc7 Qxc7 24. Bxe6 Nd5 25. Rae1 Kg7 26. Bxf7 Qxf7 27.
a3 Qf6 28. Qg3 Rb7 29. Qd3 f4 30. Re5 g5 31. Rfe1 Rf7 32. h4 h6 33. hxg5 hxg5
34. Re6 Qf5 35. Qxf5 Rxf5 36. Rxc6 g4 37. Re5 1-0

[Event "Speed Chess (Women) GP3"]
[Site "Chess.com INT"]
[Date "2020.07.08"]
[Round "1.6"]
[White "Girya, Olga"]
[Black "Kosteniuk, Alexandra"]
[Result "1/2-1/2"]
[WhiteElo "2469"]
[BlackElo "2471"]
[PlyCount "90"]
[EventDate "2020.07.08"]
[EventType "k.o. (blitz)"]
[EventRounds "4"]
[EventCountry "USA"]
[SourceTitle "CBM 197 Extra"]
[Source "ChessBase"]
[SourceDate "2020.09.30"]
[SourceVersion "1"]
[SourceVersionDate "2020.09.30"]
[SourceQuality "1"]

1. d4 Nf6 2. c4 e6 3. Nf3 b6 4. g3 Bb7 5. Bg2 Be7 6. O-O O-O 7. b3 d5 8. Nc3
Nbd7 9. Bb2 c5 10. Ne5 cxd4 11. Qxd4 Bc5 12. Qf4 Nxe5 13. Qxe5 Bd6 14. Qd4 Bc5
15. Qf4 Qe7 16. cxd5 exd5 17. e3 d4 18. exd4 Bxg2 19. Kxg2 Bd6 20. Qf3 Rad8 21.
Rfe1 Qd7 22. Ne4 Nxe4 23. Rxe4 f5 24. Re2 f4 25. Qd5+ Kh8 26. f3 fxg3 27. hxg3
Qc7 28. Qg5 h6 29. Qg4 Qd7 30. Qxd7 Rxd7 31. Rae1 Kg8 32. Re8 Kf7 33. Rxf8+
Kxf8 34. g4 Be7 35. Rc1 Bf6 36. a4 Ke7 37. Rc4 Ke6 38. f4 Kd5 39. Kf3 Re7 40.
Rc8 Re1 41. Rc2 Rf1+ 42. Kg3 Rg1+ 43. Kf3 Rf1+ 44. Kg3 Rg1+ 45. Kf3 Rf1+
1/2-1/2

[Event "Speed Chess (Women) GP3"]
[Site "Chess.com INT"]
[Date "2020.07.08"]
[Round "1.7"]
[White "Kosteniuk, Alexandra"]
[Black "Girya, Olga"]
[Result "1/2-1/2"]
[WhiteElo "2471"]
[BlackElo "2469"]
[PlyCount "125"]
[EventDate "2020.07.08"]
[EventType "k.o. (blitz)"]
[EventRounds "4"]
[EventCountry "USA"]
[SourceTitle "CBM 197 Extra"]
[Source "ChessBase"]
[SourceDate "2020.09.30"]
[SourceVersion "1"]
[SourceVersionDate "2020.09.30"]
[SourceQuality "1"]

1. e4 c6 2. c4 d5 3. cxd5 cxd5 4. exd5 Nf6 5. Nc3 Nxd5 6. Nf3 Nc6 7. Bb5 g6 8.
Qa4 Nb6 9. Qh4 Bg7 10. O-O O-O 11. Bxc6 bxc6 12. d4 f6 13. Qe4 Nd5 14. Re1 Re8
15. Bd2 Bf5 16. Qe2 g5 17. Qc4 Rc8 18. Na4 e6 19. Nc5 Qd6 20. Rac1 Bg6 21. Re2
Bf7 22. Qa4 Nf4 23. Bxf4 Qxf4 24. Rce1 e5 25. dxe5 Qxa4 26. Nxa4 Bxa2 27. exf6
Rxe2 28. Rxe2 Bxf6 29. Nc5 Bd5 30. h3 h6 31. b3 Kg7 32. Nd2 Kg6 33. Ne6 Rb8 34.
Nc5 Bd4 35. Nd7 Rb7 36. Ne5+ Kg7 37. Nec4 Bf6 38. Kh2 Re7 39. Rxe7+ Bxe7 40.
Kg3 Kf6 41. f4 Bb4 42. fxg5+ hxg5 43. Kf2 Bc3 44. Nf3 Bxc4 45. bxc4 a5 46. Ke2
a4 47. Kd3 Be5 48. Kc2 a3 49. Kb3 Bb2 50. g4 c5 51. h4 gxh4 52. Nxh4 Kg5 53.
Nf3+ Kxg4 54. Ne1 Kf4 55. Nd3+ Ke3 56. Nxc5 Kd4 57. Na4 Bc1 58. c5 Kd5 59. Ka2
Kc6 60. Kb3 Kb5 61. Nc3+ Kxc5 62. Nb1 Bb2 63. Nxa3 1/2-1/2

[Event "Speed Chess (Women) GP3"]
[Site "Chess.com INT"]
[Date "2020.07.08"]
[Round "1.8"]
[White "Girya, Olga"]
[Black "Kosteniuk, Alexandra"]
[Result "1/2-1/2"]
[WhiteElo "2469"]
[BlackElo "2471"]
[PlyCount "87"]
[EventDate "2020.07.08"]
[EventType "k.o. (blitz)"]
[EventRounds "4"]
[EventCountry "USA"]
[SourceTitle "CBM 197 Extra"]
[Source "ChessBase"]
[SourceDate "2020.09.30"]
[SourceVersion "1"]
[SourceVersionDate "2020.09.30"]
[SourceQuality "1"]

1. d4 Nf6 2. c4 e6 3. Nf3 Bb4+ 4. Bd2 Qe7 5. g3 Bxd2+ 6. Qxd2 Nc6 7. a3 d5 8.
Bg2 O-O 9. O-O dxc4 10. Qc3 Rd8 11. Qxc4 e5 12. dxe5 Nxe5 13. Nxe5 Qxe5 14. Nc3
c6 15. Qb4 Qc7 16. Rfd1 Be6 17. Qc5 Nd7 18. Qe3 Nf6 19. Rxd8+ Qxd8 20. Rd1 Qb6
21. Qxb6 axb6 22. a4 Kf8 23. Rd4 Ke7 24. Rb4 Nd7 25. f4 f5 26. e4 c5 27. Rb5
Bc4 28. Nd5+ Bxd5 29. exd5 Rxa4 30. d6+ Kxd6 31. Bxb7 Rb4 32. Rxb4 cxb4 33. Bc8
g6 34. Bxd7 Kxd7 35. b3 Kd6 36. Kf2 Kd5 37. Ke3 Kc5 38. Kd3 Kd5 39. Ke3 Kc5 40.
h4 Kd5 41. Kd3 Kc5 42. Ke3 Kd5 43. Kd3 h6 44. Ke3 1/2-1/2

[Event "Speed Chess (Women) GP3"]
[Site "Chess.com INT"]
[Date "2020.07.08"]
[Round "1.9"]
[White "Kosteniuk, Alexandra"]
[Black "Girya, Olga"]
[Result "1/2-1/2"]
[WhiteElo "2471"]
[BlackElo "2469"]
[PlyCount "112"]
[EventDate "2020.07.08"]
[EventType "k.o. (blitz)"]
[EventRounds "4"]
[EventCountry "USA"]
[SourceTitle "CBM 197 Extra"]
[Source "ChessBase"]
[SourceDate "2020.09.30"]
[SourceVersion "1"]
[SourceVersionDate "2020.09.30"]
[SourceQuality "1"]

1. e4 c6 2. c4 d5 3. cxd5 cxd5 4. exd5 Nf6 5. Nc3 Nxd5 6. Nf3 Nc6 7. Bb5 g6 8.
Qa4 Bg7 9. O-O Nb6 10. Bxc6+ bxc6 11. Qh4 O-O 12. d4 f6 13. Qe4 Nd5 14. h3 Bf5
15. Qe2 g5 16. Re1 Re8 17. Qc4 Qd6 18. Ne4 Qc7 19. Nc5 Rad8 20. Ne6 Bxe6 21.
Rxe6 Rd6 22. Re1 Kh8 23. b3 Nb6 24. Qc2 Rd5 25. Ba3 Qd7 26. Rac1 Rc8 27. Qe4
Rc7 28. Qxe7 Qxe7 29. Rxe7 Rxe7 30. Bxe7 Rd7 31. Bc5 Nd5 32. Re1 Kg8 33. Nd2 f5
34. Nc4 Kf7 35. Nd6+ Kg6 36. Re6+ Bf6 37. g3 Re7 38. Rxe7 Bxe7 39. Nc4 Bxc5 40.
dxc5 Nc3 41. Ne5+ Kf6 42. Nxc6 Nxa2 43. Nxa7 Ke5 44. Kg2 Kd5 45. c6 Kd6 46. f4
gxf4 47. gxf4 Nc3 48. Kf3 Nd5 49. h4 Kc7 50. h5 Kb6 51. Nc8+ Kxc6 52. h6 Kc7
53. Na7 Kb6 54. Nc8+ Kc7 55. Na7 Kb6 56. Nc8+ Kc7 1/2-1/2

[Event "Speed Chess (Women) GP3"]
[Site "Chess.com INT"]
[Date "2020.07.08"]
[Round "1.10"]
[White "Girya, Olga"]
[Black "Kosteniuk, Alexandra"]
[Result "1/2-1/2"]
[WhiteElo "2469"]
[BlackElo "2471"]
[PlyCount "153"]
[EventDate "2020.07.08"]
[EventType "k.o. (blitz)"]
[EventRounds "4"]
[EventCountry "USA"]
[SourceTitle "CBM 197 Extra"]
[Source "ChessBase"]
[SourceDate "2020.09.30"]
[SourceVersion "1"]
[SourceVersionDate "2020.09.30"]
[SourceQuality "1"]

1. d4 Nf6 2. c4 e6 3. Nf3 b6 4. g3 Bb7 5. Bg2 Be7 6. O-O O-O 7. b3 d5 8. Nc3
Nbd7 9. Bb2 c5 10. Ne5 Qc7 11. Nxd7 Qxd7 12. cxd5 exd5 13. Rc1 Rac8 14. dxc5
bxc5 15. e3 Rfd8 16. Qe2 d4 17. exd4 Bxg2 18. Kxg2 cxd4 19. Ne4 d3 20. Nxf6+
Bxf6 21. Qd2 Bxb2 22. Qxb2 Rxc1 23. Rxc1 d2 24. Rd1 Qd5+ 25. Kg1 h5 26. h4 Qd3
27. b4 Rd4 28. b5 Rd5 29. a4 Qe2 30. Qc2 g6 31. a5 Rxb5 32. Qxd2 Qxd2 33. Rxd2
Rxa5 34. Rd8+ Kg7 35. Ra8 Ra2 36. Kg2 Kf6 37. Kf3 Ke6 38. Ke3 f6 39. f3 Ra3+
40. Kf4 Ra4+ 41. Ke3 Kf5 42. Kd3 Ra3+ 43. Ke2 Ke5 44. Rg8 Kf5 45. Ra8 a5 46.
Ra6 Ra1 47. Ke3 Ke5 48. Ra8 a4 49. Ra5+ Kd6 50. Ra6+ Ke7 51. Ra7+ Ke6 52. Ra6+
Ke5 53. Ra5+ Kd6 54. Ra6+ Kc5 55. Rxf6 a3 56. Ra6 Kb5 57. Ra8 Kb4 58. Kf4 Rf1
59. Rb8+ Kc3 60. Rc8+ Kb2 61. Rb8+ Ka1 62. Kg5 Rxf3 63. Kxg6 Rxg3+ 64. Kxh5 a2
65. Kh6 Rg2 66. h5 Rb2 67. Ra8 Kb1 68. Kg7 Rb7+ 69. Kg6 Rb6+ 70. Kg7 Rb2 71. h6
Rg2+ 72. Kf7 Rh2 73. Kg7 a1=Q+ 74. Rxa1+ Kxa1 75. h7 Kb2 76. h8=Q Rxh8 77. Kxh8
1/2-1/2

[Event "Speed Chess (Women) GP3"]
[Site "Chess.com INT"]
[Date "2020.07.08"]
[Round "1.11"]
[White "Kosteniuk, Alexandra"]
[Black "Girya, Olga"]
[Result "1/2-1/2"]
[WhiteElo "2471"]
[BlackElo "2469"]
[PlyCount "130"]
[EventDate "2020.07.08"]
[EventType "k.o. (blitz)"]
[EventRounds "4"]
[EventCountry "USA"]
[SourceTitle "CBM 197 Extra"]
[Source "ChessBase"]
[SourceDate "2020.09.30"]
[SourceVersion "1"]
[SourceVersionDate "2020.09.30"]
[SourceQuality "1"]

1. e4 c6 2. c4 d5 3. cxd5 cxd5 4. exd5 Nf6 5. Nc3 Nxd5 6. Nf3 Nc6 7. Bb5 g6 8.
Qa4 Nb6 9. Qh4 Bg7 10. O-O O-O 11. Bxc6 bxc6 12. d4 f6 13. Qe4 Nd5 14. h3 Bf5
15. Qe2 g5 16. Re1 Re8 17. Qc4 Qd6 18. Ne4 Bxe4 19. Rxe4 Rab8 20. b3 Rb4 21.
Qd3 Rb7 22. Bb2 e6 23. Rae1 Rbe7 24. Bc1 c5 25. dxc5 Qxc5 26. Nd4 e5 27. Nf5
Rd7 28. Rc4 Qb5 29. Qe2 Bf8 30. h4 Nb6 31. hxg5 Nxc4 32. bxc4 Qc6 33. gxf6 Qxf6
34. Qg4+ Qg6 35. Nh6+ Bxh6 36. Qxd7 Bxc1 37. Rxc1 Rf8 38. c5 Qf6 39. Qd5+ Kh8
40. Rc2 Rd8 41. Qf3 Qxf3 42. gxf3 Rc8 43. c6 Kg7 44. c7 Kf7 45. Kg2 Ke7 46. Kg3
Kd7 47. Kg4 Rxc7 48. Rxc7+ Kxc7 49. Kg5 Kd6 50. Kh6 Ke6 51. Kxh7 Kf5 52. Kg7
Kf4 53. Kf6 Kxf3 54. Kxe5 Kxf2 55. a4 a5 56. Kd5 Ke3 57. Kc5 Ke4 58. Kb5 Kd5
59. Kxa5 Kc6 60. Ka6 Kc7 61. Ka7 Kc8 62. a5 Kc7 63. a6 Kc8 64. Ka8 Kc7 65. a7
Kc8 1/2-1/2

[Event "Speed Chess (Women) GP3"]
[Site "Chess.com INT"]
[Date "2020.07.09"]
[Round "2.1"]
[White "Kosteniuk, Alexandra"]
[Black "Koneru, Humpy"]
[Result "1-0"]
[WhiteElo "2471"]
[BlackElo "2586"]
[PlyCount "107"]
[EventDate "2020.07.08"]
[EventType "k.o. (blitz)"]
[EventRounds "4"]
[EventCountry "USA"]
[SourceTitle "CBM 197 Extra"]
[Source "ChessBase"]
[SourceDate "2020.09.30"]
[SourceVersion "1"]
[SourceVersionDate "2020.09.30"]
[SourceQuality "1"]

1. e4 g6 2. d4 Bg7 3. Nc3 c6 4. Bc4 d6 5. Nf3 b5 6. Bb3 a5 7. a4 b4 8. Ne2 Nf6
9. Ng3 O-O 10. O-O d5 11. e5 Ne8 12. c3 Nc7 13. cxb4 axb4 14. Bd2 Nba6 15. Qc1
Qe8 16. h3 Ne6 17. Re1 Bb7 18. Be3 Rc8 19. Ng5 Nxg5 20. Bxg5 c5 21. Qf4 c4 22.
Bd1 Nc7 23. Qh4 Ne6 24. Bxe7 c3 25. bxc3 bxc3 26. Rc1 Rc4 27. Bxf8 Bxf8 28. Ne2
Qc8 29. Bc2 h5 30. Red1 Ba6 31. Qg3 Rc6 32. Nf4 Bh6 33. Nxg6 fxg6 34. Qxg6+ Ng7
35. Qh7+ Kf7 36. Rb1 Bd2 37. a5 Rh6 38. e6+ Qxe6 39. Rb6 Rxh7 40. Rxe6 Nxe6 41.
Bxh7 Nxd4 42. Rb1 Ne2+ 43. Kh2 d4 44. Rb6 Bc4 45. a6 d3 46. a7 Bf4+ 47. g3 d2
48. a8=Q d1=Q 49. Qg8+ Ke7 50. Qg7+ Bf7 51. Rb7+ Ke6 52. Qxf7+ Ke5 53. Qf5+ Kd4
54. Rd7+ 1-0

[Event "Speed Chess (Women) GP3"]
[Site "Chess.com INT"]
[Date "2020.07.09"]
[Round "2.2"]
[White "Koneru, Humpy"]
[Black "Kosteniuk, Alexandra"]
[Result "1/2-1/2"]
[WhiteElo "2586"]
[BlackElo "2471"]
[PlyCount "104"]
[EventDate "2020.07.08"]
[EventType "k.o. (blitz)"]
[EventRounds "4"]
[EventCountry "USA"]
[SourceTitle "CBM 197 Extra"]
[Source "ChessBase"]
[SourceDate "2020.09.30"]
[SourceVersion "1"]
[SourceVersionDate "2020.09.30"]
[SourceQuality "1"]

1. d4 Nf6 2. c4 e6 3. Nf3 b6 4. g3 Bb7 5. Bg2 Be7 6. O-O O-O 7. Re1 d5 8. cxd5
exd5 9. Nc3 Na6 10. Bf4 c5 11. Rc1 Ne4 12. a3 Bf6 13. h4 cxd4 14. Nxd4 Nac5 15.
b4 Nxc3 16. Rxc3 Ne6 17. Be3 Rc8 18. Rd3 Qd7 19. Qd2 Rfd8 20. Rd1 Ba6 21. b5
Bxb5 22. Nxb5 Qxb5 23. Bxd5 Nc5 24. Bc4 Rxd3 25. Bxb5 Rxd2 26. Rxd2 Kf8 27. h5
h6 28. Kg2 a6 29. Bxc5+ Rxc5 30. Bxa6 Ra5 31. Bc4 Ra4 32. Bb5 Rxa3 33. Rd6 Rb3
34. Rxb6 Ke7 35. Rb7+ Kd6 36. Ba6 Rxb7 37. Bxb7 Ke7 38. Bd5 Bd4 39. f4 f6 40.
Kf3 Bc5 41. Ke4 Bb4 42. Kf5 Be1 43. g4 Bd2 44. e4 Bc1 45. e5 fxe5 46. Kxe5 Bb2+
47. Kf5 Bc3 48. Kg6 Kf8 49. g5 hxg5 50. Kxg5 Bd2 51. Kg4 Bc1 52. Kg5 Bd2
1/2-1/2

[Event "Speed Chess (Women) GP3"]
[Site "Chess.com INT"]
[Date "2020.07.09"]
[Round "2.3"]
[White "Kosteniuk, Alexandra"]
[Black "Koneru, Humpy"]
[Result "1-0"]
[WhiteElo "2471"]
[BlackElo "2586"]
[PlyCount "69"]
[EventDate "2020.07.08"]
[EventType "k.o. (blitz)"]
[EventRounds "4"]
[EventCountry "USA"]
[SourceTitle "CBM 197 Extra"]
[Source "ChessBase"]
[SourceDate "2020.09.30"]
[SourceVersion "1"]
[SourceVersionDate "2020.09.30"]
[SourceQuality "1"]

1. e4 e5 2. Nf3 Nf6 3. d4 Nxe4 4. Bd3 d5 5. Nxe5 Nd7 6. O-O Nxe5 7. dxe5 Nc5 8.
f4 g6 9. Be2 c6 10. Be3 b6 11. c3 Bg7 12. Nd2 O-O 13. b4 Nb7 14. Nb3 Qc7 15.
Rc1 Rd8 16. Qe1 c5 17. Qh4 Bf5 18. Ba6 c4 19. Nd4 Bd3 20. Rf3 Re8 21. Bb5 Rf8
22. Bc6 Rab8 23. Rh3 h6 24. Bxd5 Nd8 25. e6 fxe6 26. Bxe6+ Kh7 27. f5 h5 28.
fxg6+ Bxg6 29. Bg4 Qe5 30. Bxh5 Bxh5 31. Qxh5+ Qxh5 32. Rxh5+ Kg8 33. Nf5 Bf6
34. Nd6 Ne6 35. Rf5 1-0

[Event "Speed Chess (Women) GP3"]
[Site "Chess.com INT"]
[Date "2020.07.09"]
[Round "2.4"]
[White "Koneru, Humpy"]
[Black "Kosteniuk, Alexandra"]
[Result "0-1"]
[WhiteElo "2586"]
[BlackElo "2471"]
[PlyCount "114"]
[EventDate "2020.07.08"]
[EventType "k.o. (blitz)"]
[EventRounds "4"]
[EventCountry "USA"]
[SourceTitle "CBM 197 Extra"]
[Source "ChessBase"]
[SourceDate "2020.09.30"]
[SourceVersion "1"]
[SourceVersionDate "2020.09.30"]
[SourceQuality "1"]

1. d4 Nf6 2. c4 e6 3. Nc3 Bb4 4. e3 b6 5. Nge2 Ne4 6. Qc2 Nxc3 7. bxc3 Be7 8.
Ng3 Bb7 9. f3 h5 10. Bd3 h4 11. Ne4 d6 12. h3 Nd7 13. O-O c5 14. f4 f5 15. Nd2
Qc7 16. d5 exd5 17. Bxf5 O-O-O 18. cxd5 Bxd5 19. e4 Bc6 20. a4 Kb7 21. Nc4 Nf6
22. a5 b5 23. a6+ Ka8 24. Na5 g6 25. Nxc6 Qxc6 26. Bxg6 Rhg8 27. e5 dxe5 28.
fxe5 Rxg6 29. Qxg6 Rg8 30. Qc2 Ne4 31. Bf4 Nxc3 32. Rf2 b4 33. Be3 Qd5 34. Qh7
Re8 35. Qf7 Qxf7 36. Rxf7 Kb8 37. e6 Kc7 38. Bf4+ Kc6 39. Be5 Nd5 40. Rd1 b3
41. Rf3 c4 42. Rc1 Kb5 43. Bd4 Bc5 44. Bxc5 Kxc5 45. Rxb3 Rxe6 46. Ra3 Kb4 47.
Ra2 c3 48. Rb1+ Kc4 49. Ra4+ Kc5 50. Ra5+ Kc4 51. Ra4+ Kc5 52. Ra5+ Kc4 53. Rd1
c2 54. Rc1 Nb4 55. Ra4 Re2 56. Kf1 Rd2 57. Ra3 Rd1+ 0-1

[Event "Speed Chess (Women) GP3"]
[Site "Chess.com INT"]
[Date "2020.07.09"]
[Round "2.5"]
[White "Kosteniuk, Alexandra"]
[Black "Koneru, Humpy"]
[Result "1-0"]
[WhiteElo "2471"]
[BlackElo "2586"]
[PlyCount "89"]
[EventDate "2020.07.08"]
[EventType "k.o. (blitz)"]
[EventRounds "4"]
[EventCountry "USA"]
[SourceTitle "CBM 197 Extra"]
[Source "ChessBase"]
[SourceDate "2020.09.30"]
[SourceVersion "1"]
[SourceVersionDate "2020.09.30"]
[SourceQuality "1"]

1. e4 g6 2. d4 Bg7 3. Nc3 d6 4. Be3 c6 5. Qd2 b5 6. a4 b4 7. Nce2 a5 8. Ng3 Nd7
9. h4 h5 10. Nh3 Ngf6 11. f3 e5 12. Ng5 exd4 13. Bxd4 O-O 14. O-O-O c5 15. Be3
Ne8 16. f4 Bb7 17. Bb5 Qf6 18. e5 Nxe5 19. fxe5 Qxe5 20. Qf2 Qxb2+ 21. Kd2 Bc3+
22. Kd3 Nf6 23. Rb1 Qa2 24. Rb3 Ng4 25. Qe2 Bd5 26. Rxc3 bxc3 27. Kxc3 Qa3+ 28.
Kd2 Qb4+ 29. Kc1 Qc3 30. Re1 c4 31. Kb1 Qb4+ 32. Kc1 c3 33. Qd3 Qb2+ 34. Kd1
Qb1+ 35. Ke2 Qb4 36. Kf1 Nh2+ 37. Kg1 Qxh4 38. Qxd5 Qxg3 39. Bf2 Qg4 40. Kxh2
Rac8 41. Re4 Qf5 42. Qxf5 gxf5 43. Rf4 Rc5 44. Bxc5 dxc5 45. Rxf5 1-0

[Event "Speed Chess (Women) GP3"]
[Site "Chess.com INT"]
[Date "2020.07.09"]
[Round "2.6"]
[White "Koneru, Humpy"]
[Black "Kosteniuk, Alexandra"]
[Result "0-1"]
[WhiteElo "2586"]
[BlackElo "2471"]
[PlyCount "90"]
[EventDate "2020.07.08"]
[EventType "k.o. (blitz)"]
[EventRounds "4"]
[EventCountry "USA"]
[SourceTitle "CBM 197 Extra"]
[Source "ChessBase"]
[SourceDate "2020.09.30"]
[SourceVersion "1"]
[SourceVersionDate "2020.09.30"]
[SourceQuality "1"]

1. d4 Nf6 2. Nc3 d5 3. Bf4 c5 4. e3 cxd4 5. exd4 Bg4 6. f3 Bd7 7. Qd2 Nc6 8.
Nge2 Qb6 9. Na4 Qa5 10. Qxa5 Nxa5 11. Nc5 Bc6 12. b3 b6 13. Nd3 e6 14. Ne5 Nd7
15. Nxc6 Nxc6 16. c3 g6 17. Kf2 Bg7 18. Bd6 O-O-O 19. Rc1 Ndb8 20. Ba3 Kb7 21.
Ng3 Rd7 22. Bd3 h5 23. h4 Rc8 24. Ne2 Bh6 25. Rcd1 a6 26. g4 b5 27. gxh5 gxh5
28. Bc5 Ne5 29. Bc2 Ng6 30. Bxg6 fxg6 31. Rdg1 Rg7 32. Rg2 Nd7 33. b4 a5 34. a3
axb4 35. Bxb4 e5 36. Rhg1 Rcg8 37. Bd6 e4 38. fxe4 dxe4 39. Bf4 Rf7 40. Ke3
Rxf4 41. Nxf4 Rf8 42. Rf1 Nf6 43. Rxg6 Bxf4+ 44. Ke2 Nd5 45. Re6 Nxc3+ 0-1

[Event "Speed Chess (Women) GP3"]
[Site "Chess.com INT"]
[Date "2020.07.09"]
[Round "2.7"]
[White "Kosteniuk, Alexandra"]
[Black "Koneru, Humpy"]
[Result "1-0"]
[WhiteElo "2471"]
[BlackElo "2586"]
[PlyCount "75"]
[EventDate "2020.07.08"]
[EventType "k.o. (blitz)"]
[EventRounds "4"]
[EventCountry "USA"]
[SourceTitle "CBM 197 Extra"]
[Source "ChessBase"]
[SourceDate "2020.09.30"]
[SourceVersion "1"]
[SourceVersionDate "2020.09.30"]
[SourceQuality "1"]

1. e4 g6 2. d4 Bg7 3. Nc3 c6 4. Nf3 d6 5. h3 Qc7 6. Bf4 Nd7 7. Qd2 e5 8. dxe5
dxe5 9. Be3 Ngf6 10. O-O-O O-O 11. g4 b5 12. g5 Nh5 13. Ne2 a5 14. Ng3 Nxg3 15.
fxg3 a4 16. h4 a3 17. b3 f5 18. Qd6 Qxd6 19. Rxd6 fxe4 20. Nd2 Nb8 21. Bg2 Bf5
22. Nxe4 Na6 23. c3 Rac8 24. Nf6+ Bxf6 25. gxf6 e4 26. Rhd1 Nb8 27. Bc5 Rfe8
28. Rf1 e3 29. Re1 e2 30. Kd2 Bg4 31. Bxa3 Rcd8 32. c4 bxc4 33. bxc4 c5 34.
Bxc5 Na6 35. Ba3 Rxd6+ 36. Bxd6 Rd8 37. Bd5+ Kh8 38. Be7 1-0

[Event "Speed Chess (Women) GP3"]
[Site "Chess.com INT"]
[Date "2020.07.09"]
[Round "2.8"]
[White "Koneru, Humpy"]
[Black "Kosteniuk, Alexandra"]
[Result "1/2-1/2"]
[WhiteElo "2586"]
[BlackElo "2471"]
[PlyCount "105"]
[EventDate "2020.07.08"]
[EventType "k.o. (blitz)"]
[EventRounds "4"]
[EventCountry "USA"]
[SourceTitle "CBM 197 Extra"]
[Source "ChessBase"]
[SourceDate "2020.09.30"]
[SourceVersion "1"]
[SourceVersionDate "2020.09.30"]
[SourceQuality "1"]

1. Nf3 Nf6 2. d4 b6 3. c4 e6 4. e3 Bb7 5. Bd3 d5 6. O-O dxc4 7. Bxc4 Be7 8. b3
O-O 9. Bb2 Nbd7 10. Qe2 c5 11. Rd1 Qc8 12. Nc3 a6 13. a4 Rd8 14. Rac1 Bc6 15.
d5 exd5 16. Nxd5 Nxd5 17. Bxd5 Bxd5 18. Rxd5 Nf6 19. Rxd8+ Qxd8 20. e4 Qd7 21.
e5 Nd5 22. Qe4 Qe6 23. g3 g6 24. Qc4 Nb4 25. Qxe6 fxe6 26. Rd1 Rd8 27. Rxd8+
Bxd8 28. Kf1 Kf7 29. Nd2 b5 30. axb5 axb5 31. Ne4 Nd3 32. Ba1 Bc7 33. f4 Ke7
34. Bc3 Bb6 35. Bd2 c4 36. bxc4 bxc4 37. Ke2 h5 38. h3 Bd4 39. Bc3 Bxc3 40.
Nxc3 Nc5 41. Ke3 Nb3 42. Ne4 Kd7 43. Ng5 Nc1 44. g4 hxg4 45. hxg4 Ke7 46. Kd4
Ne2+ 47. Kxc4 Nxf4 48. Kd4 Nd5 49. Ke4 Nc3+ 50. Kf4 Nd5+ 51. Ke4 Nc3+ 52. Kd4
Nd5 53. Ke4 1/2-1/2

[Event "Speed Chess (Women) GP3"]
[Site "Chess.com INT"]
[Date "2020.07.09"]
[Round "2.9"]
[White "Kosteniuk, Alexandra"]
[Black "Koneru, Humpy"]
[Result "0-1"]
[WhiteElo "2471"]
[BlackElo "2586"]
[PlyCount "70"]
[EventDate "2020.07.08"]
[EventType "k.o. (blitz)"]
[EventRounds "4"]
[EventCountry "USA"]
[SourceTitle "CBM 197 Extra"]
[Source "ChessBase"]
[SourceDate "2020.09.30"]
[SourceVersion "1"]
[SourceVersionDate "2020.09.30"]
[SourceQuality "1"]

1. e4 g6 2. d4 Bg7 3. Nc3 c6 4. Bc4 d6 5. a4 Nf6 6. Bb3 O-O 7. Nf3 d5 8. e5 Ne8
9. h3 Nc7 10. O-O h6 11. Bf4 Kh7 12. Qd2 Be6 13. Nh2 c5 14. Nb5 c4 15. Ba2 Nxb5
16. axb5 Nd7 17. b3 Nb6 18. Be3 Qd7 19. Qb4 a5 20. bxa6 Rxa6 21. Qc3 Rfa8 22.
Qb2 c3 23. Qb1 Qb5 24. Nf3 Nd7 25. Ne1 Nb8 26. Nd3 b6 27. b4 Nc6 28. f4 Bf5 29.
g4 Bxd3 30. cxd3 Nxb4 31. Rf2 Ra5 32. f5 c2 33. Rxc2 Nxc2 34. Qxc2 Qa6 35.
fxg6+ fxg6 0-1

[Event "Speed Chess (Women) GP3"]
[Site "Chess.com INT"]
[Date "2020.07.09"]
[Round "2.10"]
[White "Koneru, Humpy"]
[Black "Kosteniuk, Alexandra"]
[Result "0-1"]
[WhiteElo "2586"]
[BlackElo "2471"]
[PlyCount "50"]
[EventDate "2020.07.08"]
[EventType "k.o. (blitz)"]
[EventRounds "4"]
[EventCountry "USA"]
[SourceTitle "CBM 197 Extra"]
[Source "ChessBase"]
[SourceDate "2020.09.30"]
[SourceVersion "1"]
[SourceVersionDate "2020.09.30"]
[SourceQuality "1"]

1. d4 Nf6 2. Nf3 b6 3. c4 e6 4. Nc3 Bb4 5. e3 Bb7 6. Bd3 O-O 7. O-O d5 8. cxd5
exd5 9. Ne5 Re8 10. Bd2 Bf8 11. Rc1 a6 12. f4 c5 13. Qf3 Nc6 14. Ne2 Ne4 15.
Bxe4 dxe4 16. Qxe4 Nxd4 17. Qxb7 Nxe2+ 18. Kh1 Qxd2 19. Qxf7+ Kh8 20. Rcd1 Qxe3
21. Rf3 Qe4 22. Rh3 Nxf4 23. Qxf4 Rxe5 24. Qf2 Rae8 25. Rf1 Rf5 0-1

[Event "Speed Chess (Women) GP3"]
[Site "Chess.com INT"]
[Date "2020.07.09"]
[Round "2.11"]
[White "Kosteniuk, Alexandra"]
[Black "Koneru, Humpy"]
[Result "1-0"]
[WhiteElo "2471"]
[BlackElo "2586"]
[PlyCount "33"]
[EventDate "2020.07.08"]
[EventType "k.o. (blitz)"]
[EventRounds "4"]
[EventCountry "USA"]
[SourceTitle "CBM 197 Extra"]
[Source "ChessBase"]
[SourceDate "2020.09.30"]
[SourceVersion "1"]
[SourceVersionDate "2020.09.30"]
[SourceQuality "1"]

1. e4 g6 2. d4 Bg7 3. h4 d6 4. h5 c6 5. h6 Bf6 6. Nf3 Nd7 7. Nc3 e5 8. Be3 Ne7
9. Bc4 b5 10. Bb3 b4 11. Ne2 exd4 12. Bxd4 d5 13. e5 Nxe5 14. Bxe5 Bxe5 15.
Nxe5 Qd6 16. Qd4 c5 17. Nxf7 1-0

[Event "Speed Chess (Women) GP3"]
[Site "Chess.com INT"]
[Date "2020.07.10"]
[Round "3.1"]
[White "Lagno, Kateryna"]
[Black "Kosteniuk, Alexandra"]
[Result "1/2-1/2"]
[WhiteElo "2546"]
[BlackElo "2471"]
[PlyCount "99"]
[EventDate "2020.07.08"]
[EventType "k.o. (blitz)"]
[EventRounds "4"]
[EventCountry "USA"]
[SourceTitle "CBM 197 Extra"]
[Source "ChessBase"]
[SourceDate "2020.09.30"]
[SourceVersion "1"]
[SourceVersionDate "2020.09.30"]
[SourceQuality "1"]

1. e4 c6 2. Nc3 d5 3. Nf3 dxe4 4. Nxe4 Nf6 5. Qe2 Nxe4 6. Qxe4 Nd7 7. Bc4 Nf6
8. Ne5 e6 9. Qe2 b5 10. Bd3 Bb7 11. a4 a6 12. b3 g6 13. Bb2 Bg7 14. h4 Qd5 15.
f4 Nh5 16. Qf2 f6 17. Ng4 O-O 18. Ne3 Qd6 19. O-O e5 20. f5 e4 21. Bxe4 Ng3 22.
Bd3 Nxf1 23. Rxf1 Rad8 24. fxg6 hxg6 25. Bxg6 Qxd2 26. Qf3 c5 27. Qg3 Rd7 28.
Nf5 Be4 29. Qg4 Bxf5 30. Bxf5 Re7 31. Kh2 Rfe8 32. Bc1 Qe2 33. Rf3 Re4 34. Bxe4
Qxe4 35. Qxe4 Rxe4 36. axb5 axb5 37. Kg3 c4 38. bxc4 Rxc4 39. c3 f5 40. Bd2 Rc5
41. h5 Rd5 42. Bf4 Bf6 43. h6 Kh7 44. Kh3 Rc5 45. g4 fxg4+ 46. Kxg4 Rxc3 47.
Rxc3 Bxc3 48. Bd6 b4 49. Bxb4 Bxb4 50. Kf5 1/2-1/2